| 000 | 00604nam a2200193 u 4500 | ||
|---|---|---|---|
| 005 | 20240810063841.0 | ||
| 008 | 120130s2008 es r 000 0 spa d | ||
| 020 | _a9788498411584 | ||
| 035 | _aUPN01000183174 | ||
| 049 | _aCG | ||
| 050 | 4 |
_aPQ6669 I3.7 _bD8.4 |
|
| 100 | 1 |
_aSierra i Fabra, Jordi, _d1947- _930256 |
|
| 245 | 1 | 4 |
_aUna dulce historia de mariposas y libélulas / _cJordi Sierra i Fabra ; il. Pep Montserrat. |
| 260 |
_aMadrid : _bSiruela, _cc2008. |
||
| 300 |
_a156 p. : _bil. col. |
||
| 440 | 4 |
_aLas tres edades ; _v165 |
|
| 650 | 0 |
_aLiteratura juvenil española _912359 |
|
| 905 | _aLibro | ||
| 999 |
_c155277 _d155277 |
||